Гидроакустика. Ч. 1, Ч. 1 (вып. 1) (Запись № 13622340)

Подробности
000 -МАРКЕР
контрольное поле 01224nam2a2200229 4500
001 - ИДЕНТИФИКАТОР ЗАПИСИ
контрольное поле rc\3038325
005 - ИДЕНТИФИКАТОР ВЕРСИИ
контрольное поле 20260315065419.0
035 ## - ДРУГИЕ СИСТЕМНЫЕ НОМЕРА
Идентификатор записи (NLR Aleph) 007178758
100 ## - ДАННЫЕ ОБЩЕЙ ОБРАБОТКИ
Данные общей обработки 20111005d1941 u y0rusy50 ca
101 0# - ЯЗЫК РЕСУРСА
Язык текста, звукозаписи и т.д. русский
102 ## - СТРАНА ПУБЛИКАЦИИ ИЛИ ПРОИЗВОДСТВА
Страна публикации Российская Федерация
105 ## - ПОЛЕ КОДИРОВАННЫХ ДАННЫХ: ТЕКСТОВЫЕ МАТЕРИАЛЫ, МОНОГРАФИЧЕСКИЕ
Кодированные данные о монографическом текстовом документе a z |||||
200 0# - ЗАГЛАВИЕ И СВЕДЕНИЯ ОБ ОТВЕТСТВЕННОСТИ
Основное заглавие Ч. 1, Ч. 1 (вып. 1)
210 ## - ПУБЛИКАЦИЯ, РАСПРОСТРАНЕНИЕ И ДР.
Дата издания, распространения и т.д. 1941
215 ## - ФИЗИЧЕСКАЯ ХАРАКТЕРИСТИКА
Специфическое обозначение материала и объем [8], 505 с.
Другие сведения о физической характеристике черт.
461 #0 - УРОВЕНЬ НАБОРА
Встроенное поле 001rc\3038324
-- 2000#$aГидроакустика$e[Дополненная обработка лекций по курсу "Общая акустика]. Ч. 1-$fВ.Н. Тюлин, канд. техн. наук$gВоен.-мор. акад. ВМФ им. Ворошилова. Кафедра гидроакустики$vЧ. 1, Ч. 1 (вып. 1)
-- 700#1$aТюлин$bВ.Н.$gВладимир Николаевич
Системный номер (АБИС) связанной записи 7420299
Автор Тюлин, В.Н.
Место публикации Ленинград
Дата публикации 1941
Первые сведения об ответственности В.Н. Тюлин, канд. техн. наук
Имя издателя, распространителя и т.д. Б. и.
Сведения, относящиеся к заглавию [Дополненная обработка лекций по курсу "Общая акустика]. Ч. 1-
Заглавие Гидроакустика
Номер тома Ч. 1, Ч. 1 (вып. 1)
801 #0 - ИСТОЧНИК ЗАПИСИ
Страна Российская Федерация
Организация NLR
Правила каталогизации psbo
801 #1 - ИСТОЧНИК ЗАПИСИ
Страна Российская Федерация
Организация ELAR
Источник данных rusmarc
852 ## - МЕСТОНАХОЖДЕНИЕ И ШИФР ХРАНЕНИЯ
Идентификатор организации NLR
Шифр хранения (Call Number) Фз02 Г-7/61(1)
942 ## - ДОПОЛНИТЕЛЬНЫЕ ЭЛЕМЕНТЫ ЗАПИСИ (АБИС)
Тип экземпляра АБИС Неопределено
980 ## - КОЛЛЕКЦИЯ
Название коллекции Национальная библиография

Нет доступных экземпляров.